000 00603nam a22002057a 4500
005 20010101015619.0
008 010101b xxu||||| |||| 00| 0 eng d
020 _a9788178243450
_c750
040 _aLoreto College
041 _aEnglish
082 _a791.43
_bMEH
100 _aMehta, Monika
245 _aCensorship and sexuality in Bombay cinema
_cMonika Mehta
260 _aRanikhet
_bPermanent Black
_c2011
300 _a304p
_b23 cm
504 _aIncludes bibliography and index
650 _aMotion pictures, censorship
_vHistory and criticism
_xFilm Studies
850 _aLCLIB
942 _cBK
999 _c40070
_d90549